[Event "Vaujany 2023 Principal"]
[Site "Vaujany"]
[Date "2023.07.14"]
[Round "2.5"]
[White "Gusain, Himal"]
[Black "Fanninger, Leon"]
[Result "1-0"]
[WhiteElo "2399"]
[BlackElo "2184"]
[Annotator "ASUS"]
[PlyCount "199"]
[EventDate "2023.07.13"]
[EventType "swiss"]
[EventRounds "9"]
[EventCountry "FRA"]
[SourceVersionDate "2023.07.13"]

{[%evp 0,155,25,16,75,77,59,54,82,74,74,59,67,57,80,49,37,19,26,39,41,51,40,17,21,-6,-6,-2,-2,4,-2,5,11,-7,0,0,0,0,0,-8,0,-27,-4,-12,0,17,27,21,41,20,23,23,33,34,30,18,10,0,26,22,14,19,19,29,31,31,6,17,17,17,17,23,23,33,32,33,32,32,32,0,0,-17,0,0,37,25,31,0,37,24,4,-63,0,0,0,0,0,0,0,0,0,0,2,0,0,0,0,0,35,0,46,39,46,29,62,39,39,39,39,39,39,32,44,39,50,41,41,38,28,28,30,20,25,27,27,27,27,12,51,27,27,0,27,27,27,0,0,0,0,0,42,0,0,0,0,14,11,39]} 1. e4 d6 2. d4 Nf6 3. Nc3 g6 4. Nf3 Bg7 5. Be2 O-O 6. O-O a6 7. a4 Nc6 8. a5 e5 9. d5 Ne7 10. Nd2 Nd7 11. Na4 f5 12. b4 Nf6 13. c4 fxe4 14. Nc3 Nf5 15. Ndxe4 Nd4 16. Bg5 Nxe4 17. Nxe4 Qe8 18. Bd3 Bf5 19. Rc1 Rf7 20. Rb1 Qf8 21. Qd2 Bxe4 22. Bxe4 Nf5 23. b5 Bh6 24. bxa6 Bxg5 25. Qxg5 Rxa6 26. Rxb7 Rxa5 27. Rfb1 Ra8 28. h4 Qh6 29. Rb8+ Rxb8 30. Rxb8+ Kg7 31. g3 Qxg5 32. hxg5 Nd4 33. Rb7 Ne2+ 34. Kg2 Nd4 35. Kf1 Kf8 36. Kg1 Kg7 37. Kg2 Kf8 38. Rb8+ Kg7 39. Rc8 Nb3 40. Bf3 Nc5 41. Bg4 Na6 42. Ra8 Nc5 43. f3 Rf8 44. Ra7 Rf7 45. Kf1 h6 46. gxh6+ Kxh6 47. Ke2 Kg5 48. Bc8 Rh7 49. Ke3 Re7 50. Bh3 Rh7 51. Bf1 Kf6 52. Be2 Re7 53. Ra8 Kf7 54. Rc8 Na4 55. Bd3 Nb2 56. Rh8 Kg7 57. Rb8 Na4 58. Be4 Nb6 59. Kd3 Nd7 60. Ra8 Nc5+ 61. Ke3 Kf7 62. g4 Nd7 63. Rd8 Nc5 64. Rc8 Na4 65. Rd8 Nb6 66. Bd3 Nd7 67. Ra8 Nb6 68. Ra7 Nc8 69. Rb7 Nb6 70. Kd2 Na4 71. Ra7 Nb6 72. Kc3 Kf6 73. Be4 Rd7 74. Kb3 Re7 75. Kc3 Rd7 76. Ra1 Rd8 77. Kb4 Rb8 78. Kb5 Nxd5+ 79. Kc6 Ne7+ 80. Kxc7 Rb4 81. Kxd6 Rxc4 82. g5+ Kf7 83. Rh1 Nf5+ 84. Kxe5 Rc5+ 85. Kf4 Ng7 86. Kg4 Ne6 87. f4 Rc4 88. Re1 Nc7 89. Bb1 Nd5 90. Be4 Rd4 91. Kf3 Nc3 92. Bc6 Nd5 93. Re4 Rxe4 94. Kxe4 Ne7 95. Bd7 Ng8 96. Ke5 Ne7 97. Kd6 Kf8 98. Be6 Ke8 99. Kc7 Kf8 100. Kd7 1-0

[Event "Vaujany 2023 Principal"]
[Site "Vaujany"]
[Date "2023.07.14"]
[Round "2.6"]
[White "Milanovic, Dino"]
[Black "Neelotpal, Das"]
[Result "0-1"]
[WhiteElo "2075"]
[BlackElo "2362"]
[PlyCount "56"]
[EventDate "2023.07.13"]
[EventType "swiss"]
[EventRounds "9"]
[EventCountry "FRA"]
[SourceVersionDate "2023.07.13"]

{[%evp 0,56,32,32,25,24,24,8,20,3,3,3,20,-4,-2,1,-4,3,4,8,34,18,32,19,3,11,40,61,50,72,78,47,77,76,73,73,122,48,-74,-240,-240,-240,-240,-265,-251,-278,-268,-266,-264,-279,-276,-280,-280,-315,-309,-332,-296,-330,-357]} 1. e4 e5 2. Nf3 Nc6 3. Bb5 a6 4. Ba4 Nf6 5. O-O Be7 6. Re1 b5 7. Bb3 O-O 8. h3 Bb7 9. d3 d5 10. exd5 Nxd5 11. Nxe5 Nxe5 12. Rxe5 Qd6 13. Re1 c5 14. Nd2 Rae8 15. a4 Nb6 16. axb5 axb5 17. Qg4 Bd8 18. Ne4 Qc6 19. Bd2 c4 20. Bc3 g6 21. dxc4 bxc4 22. Bxc4 Nxc4 23. Nf6+ Bxf6 24. Bxf6 Qxf6 25. Qxc4 Qxb2 26. Reb1 Qf6 27. Ra7 Bc8 28. Rba1 Be6 0-1

[Event "Vaujany 2023 Principal"]
[Site "Vaujany"]
[Date "2023.07.14"]
[Round "2.7"]
[White "Anwesh, Upadhyaya"]
[Black "Calzetta Ruiz, Monica"]
[Result "1/2-1/2"]
[WhiteElo "2356"]
[BlackElo "2164"]
[Annotator "MCR"]
[PlyCount "79"]
[EventDate "2023.07.13"]
[EventType "swiss"]
[EventRounds "9"]
[EventCountry "FRA"]
[SourceVersionDate "2023.07.13"]

{[%evp 0,79,38,20,20,20,58,36,32,31,37,37,14,16,16,9,2,2,40,18,14,20,31,21,32,4,0,0,8,0,21,6,7,11,44,-2,3,-15,-10,-10,-8,-26,-27,-66,-48,-60,-62,-60,0,0,0,0,0,0,-6,0,0,0,0,0,0,33,25,4,0,0,0,0,36,25,25,30,26,25,16,33,29,29,27,30,38,35]} 1. d4 d5 2. Nf3 c5 3. c4 e6 4. cxd5 exd5 5. g3 Nf6 6. Bg2 Nc6 7. Nc3 cxd4 8. Nxd4 Bc5 9. Nb3 Bb6 10. O-O d4 11. Na4 O-O 12. Bg5 h6 13. Bxf6 Qxf6 14. Nxb6 axb6 15. Bxc6 bxc6 16. Qxd4 Qd8 17. Qxd8 Rxd8 18. Rfc1 Be6 19. Rc3 c5 20. e3 Ra4 21. Kf1 (21. a3 Rc4 22. Rac1 Rxc3 23. Rxc3 Rd1+ 24. Kg2 Bd5+ 25. Kh3 f5) 21... Rb4 22. Rc2 Bf5 23. Rc3 c4 (23... Ra8 24. a3 Rb5 25. Nd2 Rxb2 26. Nc4) 24. Nd4 Rxb2 (24... Bd3+ $2 25. Rxd3 cxd3 26. Nc6) 25. Nxf5 Rdd2 26. Kg1 Rxf2 27. Nh4 g5 28. Rxc4 b5 29. Rg4 Rxh2 30. Rb1 Rxh4 31. Rxg5+ hxg5 32. Rxb2 Ra4 33. Rxb5 Rxa2 34. Rxg5+ Kf8 35. Rf5 Kg7 36. Rf2 Ra3 37. Re2 f5 38. Kf2 Kf6 39. Kf3 Kg5 40. Rb2 1/2-1/2

[Event "Vaujany 2023 Principal"]
[Site "?"]
[Date "2023.07.14"]
[Round "2.8"]
[White "Stillger, Bernhard"]
[Black "Vallee, Louis"]
[Result "1/2-1/2"]
[WhiteElo "2299"]
[BlackElo "2161"]
[PlyCount "122"]
[SourceVersionDate "2023.07.13"]

1. d4 d5 2. c4 e6 3. Nf3 c5 4. cxd5 exd5 5. g3 Be7 6. Bg2 c4 7. b3 cxb3 8. Qxb3 Nf6 9. O-O O-O 10. Nc3 Nc6 11. Bf4 Na5 12. Qb1 g6 13. Ne5 Bf5 14. Qb2 Rc8 15. Rac1 a6 16. a4 Be6 17. Bg5 Qd6 18. Nb1 Kg7 19. Bf4 Qb4 20. Qxb4 Bxb4 21. Bd2 Bxd2 22. Nxd2 b5 23. axb5 axb5 24. Nd3 Nc4 25. Nb3 g5 26. Ra1 Ra8 27. Rxa8 Rxa8 28. Ra1 Rxa1+ 29. Nxa1 Bf5 30. Nb4 Nb6 31. Nb3 Kf8 32. f3 g4 33. Kf2 gxf3 34. exf3 Nc4 35. g4 Be6 36. Nc1 Ke7 37. Ne2 Ne8 38. Nc3 Nc7 39. h3 Kd6 40. f4 f6 41. g5 fxg5 42. fxg5 Na5 43. Bf1 Nc6 44. Nxc6 Kxc6 45. Na2 Bf5 46. h4 Bb1 47. Nb4+ Kd6 48. Ke3 Be4 49. Be2 Ne6 50. Bg4 Nd8 51. Na2 Bc2 52. Be2 Ne6 53. Bxb5 Ng7 54. Bd3 Bxd3 55. Kxd3 Ke6 56. Nc3 Nf5 57. h5 Ng3 58. g6 hxg6 59. hxg6 Kf6 60. Nxd5+ Kxg6 61. Ne3 Kf6 1/2-1/2

[Event "Vaujany 2023 Principal"]
[Site "Vaujany"]
[Date "2023.07.14"]
[Round "2.9"]
[White "Garde, Guillaume"]
[Black "Estremera Panos, Sergio"]
[Result "0-1"]
[WhiteElo "2052"]
[BlackElo "2275"]
[PlyCount "70"]
[EventDate "2023.07.13"]
[EventType "swiss"]
[EventRounds "9"]
[EventCountry "FRA"]
[SourceVersionDate "2023.07.13"]

{[%evp 0,70,28,13,36,36,32,12,12,13,23,31,31,19,15,-3,8,-13,-4,-5,-9,-15,24,-18,-23,-10,-11,-5,-8,-11,-1,-1,-8,-8,0,-19,-15,-29,-15,-21,-24,-43,-35,-53,-29,-61,-48,-109,-64,-65,-22,-67,-25,-74,-43,-31,-30,-79,-26,-36,-18,-33,-44,-131,-55,-55,-33,-29995,-29996,-29997,-29998,-29999,-30000]} 1. e4 e5 2. Nf3 Nc6 3. Bc4 Nf6 4. d3 Be7 5. O-O O-O 6. Re1 d6 7. a4 Be6 8. a5 Bxc4 9. dxc4 b6 10. a6 Qc8 11. c3 Nd8 12. Nbd2 Ne6 13. b4 c6 14. Nf1 Qc7 15. Ng3 g6 16. Qb3 Rfe8 17. Be3 Bf8 18. h3 Rad8 19. Red1 Nf4 20. Nd2 h5 21. f3 h4 22. Ngf1 N6h5 23. Qc2 Qe7 24. Nb3 c5 25. Kh2 Qe6 26. Nbd2 cxb4 27. cxb4 Rc8 28. Qa2 Rc6 29. Qb3 Rec8 30. Rab1 Qf6 31. Bf2 Nxg2 32. Kxg2 Nf4+ 33. Kh2 Qe6 34. Ne3 Qxh3+ 35. Kg1 Ne2# 0-1

[Event "Vaujany 2023 Principal"]
[Site "Vaujany"]
[Date "2023.07.14"]
[Round "2.10"]
[White "Fodor, Balazs"]
[Black "Lacan-Rus, David"]
[Result "0-1"]
[WhiteElo "2273"]
[BlackElo "2068"]
[PlyCount "56"]
[EventDate "2023.07.13"]
[EventType "swiss"]
[EventRounds "9"]
[EventCountry "FRA"]
[SourceVersionDate "2023.07.13"]

{[%evp 0,56,37,23,20,-9,32,22,-41,1,-7,-9,-16,-15,4,-6,-5,6,6,-29,39,28,116,95,87,82,108,84,84,57,60,1,-12,-8,10,-40,12,-19,-84,-83,-44,-83,-92,-217,-239,-272,-315,-295,-82,-113,-95,-102,-194,-183,82,-1179,-29988,-29989,-29990]} 1. Nf3 Nf6 2. b3 d6 3. Bb2 e5 4. d3 g6 5. g3 Bg7 6. Bg2 a5 7. c4 O-O 8. O-O Nfd7 9. e4 c5 10. Nc3 f5 11. exf5 gxf5 12. Nh4 Nf6 13. Nd5 f4 14. Nxf6+ Rxf6 15. Qc2 Nc6 16. Rfe1 Rh6 17. Nf3 Qe8 18. Nd2 Qh5 19. h4 Bg4 20. Bd5+ Kh8 21. Kg2 Nb4 22. Qc3 Nxd5 23. cxd5 f3+ 24. Kh2 Bf6 25. Rh1 Bxh4 26. Kg1 Qg5 27. Qc4 Bxg3 28. Rxh6 Qxh6 0-1

[Event "Vaujany 2023 Principal"]
[Site "?"]
[Date "2023.07.14"]
[Round "2.11"]
[White "Hingouet, Mmatthieu"]
[Black "Voinea, Marius"]
[Result "1-0"]
[WhiteElo "2226"]
[BlackElo "1811"]
[PlyCount "65"]
[SourceVersionDate "2023.07.13"]

1. d4 Nf6 2. c4 e6 3. Nc3 Bb4 4. e3 b6 5. Bd2 c5 6. a3 Ba5 7. Rb1 Na6 8. Nf3 O-O 9. Be2 Bb7 10. O-O Ne4 11. Nxe4 Bxe4 12. b4 Bxb1 13. Qxb1 cxb4 14. axb4 Bxb4 15. Bxb4 Nxb4 16. Qxb4 Rc8 17. Ra1 Rc7 18. g3 d5 19. cxd5 Qxd5 20. Ne5 Rd8 21. Bf3 Qd6 22. Qb3 Rdc8 23. Kg2 Rc3 24. Qb5 Qc7 25. Nd3 h6 26. Nf4 Rc2 27. Be4 Rd2 28. Qb4 Qc3 29. Qxc3 Rxc3 30. Rxa7 f5 31. Bb1 Rxe3 32. Ba2 Kh7 33. Bxe6 1-0

[Event "Vaujany 2023 Principal"]
[Site "Vaujany"]
[Date "2023.07.14"]
[Round "2.12"]
[White "Thevenon, Thomas"]
[Black "Olivier, Jean-Christophe"]
[Result "1/2-1/2"]
[WhiteElo "1718"]
[BlackElo "2304"]
[Annotator "famil"]
[PlyCount "83"]
[EventDate "2023.07.13"]
[EventType "swiss"]
[EventRounds "9"]
[EventCountry "FRA"]
[SourceVersionDate "2023.07.13"]

{[%evp 0,83,25,18,21,36,22,11,27,3,40,21,29,15,27,12,0,0,25,-3,-26,-21,-21,-14,-5,-14,-22,-31,-15,-49,-55,-48,-48,-44,-49,-44,-58,-67,-57,-49,-83,-100,-98,-98,-115,-106,-87,-89,-82,-114,-67,-127,-127,-127,-124,-138,-114,-165,-141,-138,-142,-134,-90,-143,-143,-143,-138,-138,-26,-26,-26,-19,-19,-34,-25,-31,-13,-13,20,28,39,38,38,38,38,38]} 1. e4 e5 2. Nf3 Nc6 3. Bb5 a6 4. Ba4 d6 5. d4 b5 6. Bb3 Nxd4 7. Nxd4 exd4 8. c3 Bb7 9. O-O dxc3 10. Nxc3 Nf6 11. a4 Be7 12. axb5 axb5 13. Rxa8 Bxa8 14. e5 dxe5 15. Qxd8+ Bxd8 16. Re1 O-O 17. Nxb5 c6 18. Nc3 Bb6 19. h3 Bd4 20. Bg5 Rb8 21. Ra1 h6 22. Bxf6 gxf6 23. Bc4 Kg7 24. Ne4 Rd8 25. Ra3 f5 26. Ng3 Kg6 27. b3 Bb7 28. Kf1 Bc5 29. Ra5 Bd4 30. Ke2 Rd7 31. Bd3 e4 32. Bc4 c5 33. Ra7 f4 34. Nxe4 f5 35. Ba6 fxe4 36. Rxb7 Rd8 37. Rb6+ Kg5 38. Bb7 Kf5 39. Rxh6 Bc3 40. Rh5+ Kg6 41. Rd5 Rxd5 42. Bxd5 1/2-1/2

[Event "Vaujany 2023 Principal"]
[Site "?"]
[Date "2023.07.14"]
[Round "2.17"]
[White "Feher, Botond"]
[Black "Adrian, Leopold"]
[Result "1/2-1/2"]
[WhiteElo "1931"]
[BlackElo "2129"]
[PlyCount "66"]
[SourceVersionDate "2023.07.13"]

1. e4 c5 2. Nf3 g6 3. d4 cxd4 4. Qxd4 Nf6 5. Nc3 Nc6 6. Qa4 d6 7. e5 dxe5 8. Nxe5 Bg7 9. Bb5 O-O 10. Nxc6 bxc6 11. Bxc6 Rb8 12. O-O a5 13. Bb5 Qc7 14. Re1 e5 15. Be3 Bf5 16. Qc4 Qxc4 17. Bxc4 Bxc2 18. b3 Ng4 19. Bc5 Rfc8 20. Bd6 e4 21. Nd5 Bd4 22. Bxb8 Rxb8 23. Ne7+ Kf8 24. Nc6 Bxf2+ 25. Kh1 Rc8 26. Rec1 Rxc6 27. Rxc2 Bd4 28. Re1 Nf2+ 29. Rxf2 Bxf2 30. Rxe4 Rd6 31. g3 Rd2 32. Re2 Rxe2 33. Bxe2 Ke7 1/2-1/2

[Event "Vaujany 2023 Principal"]
[Site "Vaujany"]
[Date "2023.07.15"]
[Round "3.1"]
[White "Neelotpal, Das"]
[Black "Degraeve, Jean-Marc"]
[Result "1/2-1/2"]
[WhiteElo "2362"]
[BlackElo "2466"]
[Annotator "famil"]
[PlyCount "84"]
[EventDate "2023.07.13"]
[EventType "swiss"]
[EventRounds "9"]
[EventCountry "FRA"]
[SourceVersionDate "2023.07.13"]

{[%evp 0,84,21,32,21,21,47,28,52,33,84,21,50,42,46,40,48,35,47,39,50,21,52,38,36,36,50,2,21,28,29,19,38,40,29,8,66,49,36,36,34,39,39,-25,-40,-60,-70,-34,-10,-43,-25,-43,0,-23,0,-15,-21,-11,-10,-24,-22,-22,12,-2,22,-37,15,-13,-7,-61,-37,-81,-37,-50,-36,-34,-34,-33,-34,-70,0,0,0,-3,0,0,365]} 1. d4 Nf6 2. Nf3 g6 3. c4 c5 4. d5 b5 5. Qc2 bxc4 6. e4 d6 7. Bxc4 Bg7 8. O-O O-O 9. h3 Nbd7 10. Rd1 Nb6 11. Bf1 Bb7 12. Nc3 Ne8 13. Bf4 Nc7 14. a4 a5 15. Ra3 Na6 16. Qc1 Nb4 17. Bh6 Ba6 18. Bxa6 Rxa6 19. Nb5 Qd7 20. Bxg7 Kxg7 21. Nh4 Nxa4 22. Rxa4 Qxb5 23. Ra3 Ra7 24. Rg3 Qe8 25. e5 dxe5 26. Qxc5 Rd7 27. Qxa5 Qb8 28. Nf5+ Kh8 29. Rb3 gxf5 30. Rxb4 Qd8 31. Qc5 Rd6 32. Rh4 f6 33. Rb4 f4 34. f3 Qd7 35. Rb5 Ra8 36. Kh2 Kg7 37. Qb4 Ra7 38. Qb3 Qf5 39. Rc1 Qg6 40. Rb7 Rxb7 41. Qxb7 Kf7 42. Rc7 Qg3+ 1/2-1/2

[Event "Vaujany 2023 Principal"]
[Site "Vaujany"]
[Date "2023.07.15"]
[Round "3.2"]
[White "Horvath, Jozsef"]
[Black "Hingouet, Matthieu"]
[Result "1-0"]
[WhiteElo "2432"]
[BlackElo "2226"]
[Annotator "famil"]
[PlyCount "67"]
[EventDate "2023.07.13"]
[EventType "swiss"]
[EventRounds "9"]
[EventCountry "FRA"]
[SourceVersionDate "2023.07.13"]

1. Nf3 Nf6 2. g3 d5 3. Bg2 e6 4. c4 d4 5. O-O c5 6. e3 Nc6 7. exd4 cxd4 8. d3 Bd6 9. Bg5 h6 10. Bxf6 Qxf6 11. Nbd2 Qd8 12. a3 a5 13. Rc1 O-O 14. c5 Be7 15. Re1 Qc7 16. Qa4 Ra7 (16... Ra6) 17. Nxd4 Nxd4 18. Qxd4 Bf6 19. Qd6 Qxd6 20. cxd6 Bxb2 21. Rc7 Rd8 22. Nc4 Bd4 23. Rb1 Kf8 24. Bxb7 Rxb7 25. Rbxb7 Bxb7 26. Rxb7 Bc5 27. d7 Be7 28. Nxa5 Ra8 29. Nc6 Bd8 30. a4 f6 31. a5 e5 32. a6 Rxa6 33. Nxd8 Ke7 34. Nf7 1-0

[Event "Vaujany 2023 Principal"]
[Site "Vaujany"]
[Date "2023.07.15"]
[Round "3.3"]
[White "Estremera Panos, Sergio"]
[Black "Gusain, Himal"]
[Result "0-1"]
[WhiteElo "2275"]
[BlackElo "2399"]
[PlyCount "44"]
[EventDate "2023.07.13"]
[EventType "swiss"]
[EventRounds "9"]
[EventCountry "FRA"]
[SourceVersionDate "2023.07.13"]

{[%evp 0,44,31,24,23,-8,-8,-4,38,53,102,102,104,108,108,87,85,83,69,53,59,41,32,-33,-84,-65,-65,-64,-89,-68,-70,-108,-117,-137,-139,-157,-152,-203,-157,-210,-304,-308,-316,-301,-312,-304,-304]} 1. d4 d5 2. c4 e6 3. Nf3 c6 4. e3 f5 5. Bd3 Nh6 6. O-O Nd7 7. b3 Nf7 8. cxd5 cxd5 9. Qc2 g5 10. Nc3 a6 11. Bxf5 exf5 12. Nxd5 Nc5 13. dxc5 Qxd5 14. Bb2 Rg8 15. b4 Qe4 16. Qd2 Bd7 17. Nd4 g4 18. Rad1 Ne5 19. Qe2 Ba4 20. Rb1 Nf3+ 21. Kh1 Nxd4 22. Bxd4 Bb5 0-1

[Event "Vaujany 2023 Principal"]
[Site "Vaujany"]
[Date "2023.07.15"]
[Round "3.4"]
[White "Lacan-Rus, David"]
[Black "Hamdouchi, Hicham"]
[Result "0-1"]
[WhiteElo "2068"]
[BlackElo "2521"]
[Annotator "famil"]
[PlyCount "228"]
[EventDate "2023.07.13"]
[EventType "swiss"]
[EventRounds "9"]
[EventCountry "FRA"]
[SourceVersionDate "2023.07.13"]

{[%evp 0,228,24,15,36,36,31,34,34,31,62,24,105,65,70,46,37,54,56,67,58,46,41,38,47,36,63,36,32,37,20,21,28,35,35,27,32,27,35,0,0,-3,29,-36,-23,-29,-41,-22,-42,-144,-121,-118,-115,-56,-102,-152,-155,-232,-101,-117,-107,-108,-89,-91,-93,-86,-95,-95,-93,-91,-91,-91,-91,-92,-88,-100,-105,-107,-114,-103,-96,-103,-96,-107,-97,-100,-100,-100,-92,-92,-92,-92,-92,-92,-86,-92,-92,-92,-92,-92,-92,-100,-94,-94,-94,-92,-92,-92,-92,-100,-112,-122,-117,-111,-116,-111,-118,-114,-118,-119,-118,-122,-124,-124,-123,-135,-120,-127,-121,-121,-122,-127,-123,-127,-124,-124,-114,-124,-124,-124,-124,-122,-124,-127,-103,-127,-127,-124,-114,-124,-124,-124,-127,-127,-124,-127,-111,-124,-124,-124,-124,-124,-124,-124,-124,-124,-124,-124,0,0,0,-109,-3,-126,-131,-150,-127,-118,-164,-174,-160,-179,-191,-276,-297,-339,-339,-341,-345,-322,-315,-348,-366,-381,-323,-344,-350,-402,-398,-1012,-348,-431,-361,-360,-354,-360,-360,-368,-310,-331,-367,-410,-397,-1002,-1012,-2220,-1192,-2102,-421,-592,-1011,-1011,-312,-312,-314,-313,-327,-404,-409,-419,-436]} 1. e4 e6 2. d4 d5 3. Nc3 Bb4 4. e5 b6 5. a3 Bf8 6. f4 Ne7 7. Be3 Nf5 8. Bf2 Be7 9. Nf3 h5 10. Qd2 Ba6 11. Bxa6 Nxa6 12. g3 Qd7 13. h3 c5 14. O-O-O cxd4 15. Nxd4 Nxd4 16. Bxd4 O-O-O 17. Kb1 Kb7 18. Qd3 Nb8 19. g4 Nc6 20. Ne2 Qc8 21. Ng3 hxg4 22. hxg4 Rxh1 23. Rxh1 Rh8 24. Bg1 Rxh1 25. Nxh1 Qh8 26. Nf2 g5 27. Qf3 gxf4 28. Nd3 Nxe5 29. Qxf4 Nxd3 30. cxd3 Qh1 31. Qxf7 Qxg1+ 32. Ka2 Qc5 33. g5 Ka6 34. g6 Bf8 35. g7 Bxg7 36. Qxg7 d4 37. Kb1 Qd6 38. Qh8 b5 39. Qf6 Kb6 40. Kc2 a5 41. Kb1 a4 42. Kc2 Kc6 43. Qg6 Qh2+ 44. Kb1 Qh1+ 45. Kc2 Qd5 46. Qe8+ Kc7 47. Qe7+ Qd7 48. Qg5 Kc6 49. Qg6 Kd6 50. Kd2 Kc5 51. Qg5+ Kc6 52. Qg6 Qd6 53. Qe8+ Kb6 54. Qg6 b4 55. axb4 Qxb4+ 56. Kc2 Qb3+ 57. Kc1 a3 58. bxa3 Qxa3+ 59. Kc2 Qa2+ 60. Kc1 Kc5 61. Qe4 Qd5 62. Qf4 Kb4 63. Qd2+ Kb5 64. Qb2+ Kc6 65. Qe2 Kd6 66. Qh2+ Qe5 67. Qh7 Qe2 68. Qg6 Kc5 69. Qg5+ Kc6 70. Qg6 Kb6 71. Qh7 Ka6 72. Qg6 Kb6 73. Qh7 Kc6 74. Qg6 Qe1+ 75. Kc2 Kd6 76. Qh7 Qf2+ 77. Kc1 Qg2 78. Kd1 Qf3+ 79. Kd2 Qf2+ 80. Kd1 Qg1+ 81. Kd2 Qg5+ 82. Kd1 Qg4+ 83. Kd2 Ke5 84. Qh8+ Kf5 85. Qh7+ Kf4 86. Qf7+ Kg3 87. Qh7 Kg2 88. Kc2 Kf1 89. Qh1+ Qg1 90. Qh7 Qg2+ 91. Kc1 Ke2 92. Kc2 Qc6+ 93. Kb1 Kd2 94. Qh2+ Kxd3 95. Qh3+ Kc4 96. Qf1+ Kc5 97. Qf8+ Kb5 98. Qf2 Qc4 99. Qf4 Kc6 100. Qf8 Qb5+ 101. Ka2 Qd5+ 102. Kb2 Qb5+ 103. Ka2 Qb6 104. Qc8+ Kd5 105. Qa8+ Qc6 106. Qa5+ Kc4 107. Qd8 Qd5 108. Qc7+ Kd3+ 109. Kb2 Qb5+ 110. Ka3 Ke4 111. Qh7+ Qf5 112. Qb7+ Ke3 113. Qb6 e5 114. Qh6+ Qf4 0-1

[Event "Vaujany 2023 Principal"]
[Site "Vaujany"]
[Date "2023.07.15"]
[Round "3.5"]
[White "Degraeve, Remy"]
[Black "Adrian, Claude"]
[Result "1-0"]
[WhiteElo "2467"]
[BlackElo "2164"]
[PlyCount "77"]
[EventDate "2023.07.13"]
[EventType "swiss"]
[EventRounds "9"]
[EventCountry "FRA"]
[SourceVersionDate "2023.07.13"]

{[%evp 0,77,24,24,50,38,36,38,0,0,-4,6,14,-1,-4,11,2,6,-6,8,3,-7,-13,23,29,17,31,45,32,13,1,-37,7,25,21,19,5,14,15,52,45,27,36,38,37,32,38,31,32,24,29,36,32,24,24,35,35,22,32,32,28,25,25,25,2,0,59,45,127,144,138,160,152,158,155,155,154,154,414,443]} 1. e4 e6 2. d4 d5 3. e5 c5 4. c3 Nc6 5. Nf3 Nge7 6. Na3 cxd4 7. cxd4 Nf5 8. Nc2 Be7 9. Bd3 f6 10. Bf4 O-O 11. O-O fxe5 12. Nxe5 Nxe5 13. Bxe5 Bd6 14. Re1 Qb6 15. Qd2 Bd7 16. Bxf5 Rxf5 17. Bxd6 Qxd6 18. Ne3 Rf7 19. Ng4 Qf4 20. Qxf4 Rxf4 21. Ne5 Be8 22. Rad1 Rc8 23. Rd2 Re4 24. Red1 Ba4 25. b3 Bb5 26. f3 Re3 27. Kf2 Rec3 28. h4 a5 29. g4 Kf8 30. a4 Be8 31. Rb1 b5 32. axb5 Bxb5 33. Kg3 a4 34. bxa4 Bxa4 35. Rb6 Ke7 36. Ra2 Bd7 37. Ra7 R3c7 38. Rbb7 Rxb7 39. Rxb7 1-0

[Event "Vaujany 2023 Principal"]
[Site "?"]
[Date "2023.07.15"]
[Round "3.6"]
[White "Vallee, Louis"]
[Black "Anwesh, Upadhyaya"]
[Result "1-0"]
[WhiteElo "2161"]
[BlackElo "2356"]
[PlyCount "149"]
[SourceVersionDate "2023.07.13"]

1. d4 d5 2. c4 c6 3. Nc3 Nf6 4. e3 e6 5. Nf3 Nbd7 6. Qc2 Bd6 7. g4 h6 8. Rg1 e5 9. Be2 a6 10. h4 dxc4 11. g5 hxg5 12. hxg5 Nd5 13. Bxc4 exd4 14. Qe4+ Qe7 15. Qxd4 Nxc3 16. Qxg7 Rh3 17. g6 fxg6 18. Qxg6+ Kd8 19. Ng5 Ne5 20. Qg8+ Kc7 21. bxc3 Rb8 22. Nxh3 Bg4 23. Qxg4 Nxg4 24. Rxg4 Be5 25. Bd2 Rd8 26. Ng5 Kb8 27. Nf3 Rxd2 28. Kxd2 Qd7+ 29. Rd4 Bxd4 30. cxd4 c5 31. Ke2 b5 32. Bd3 c4 33. Bc2 b4 34. Ne5 Qb5 35. f4 a5 36. f5 Qe8 37. Rf1 Qh5+ 38. Rf3 Qh2+ 39. Rf2 Qh5+ 40. Rf3 Qh2+ 41. Rf2 Qh5+ 42. Kd2 Qh4 43. Rg2 c3+ 44. Kd3 Qh7 45. Rf2 Kc7 46. e4 Qh4 47. Ke2 Qh5+ 48. Nf3 Qf7 49. d5 Kb6 50. Rh2 Kb5 51. Rh6 Qg7 52. Rg6 Qh7 53. Ke3 b3 54. Bxb3 Kb4 55. Rc6 a4 56. Rc4+ Ka3 57. Rxa4+ Kb2 58. Nd4 Qh3+ 59. Kf4 Qh2+ 60. Kg5 Qg3+ 61. Kf6 Qh4+ 62. Ke5 Qg3+ 63. Ke6 Qg8+ 64. Ke7 Qg7+ 65. Kd6 Qf8+ 66. Ke5 Qe7+ 67. Ne6 c2 68. Bxc2 Kxc2 69. d6 Qe8 70. Rc4+ Kd3 71. Rd4+ Ke3 72. d7 Qh8+ 73. Kd6 Qb8+ 74. Ke7 Qa7 75. Ke8 1-0

[Event "Vaujany 2023 Principal"]
[Site "Vaujany"]
[Date "2023.07.15"]
[Round "3.7"]
[White "Calzetta Ruiz, Monica"]
[Black "Stillger, Bernhard"]
[Result "1/2-1/2"]
[WhiteElo "2164"]
[BlackElo "2299"]
[Annotator "MCR"]
[PlyCount "65"]
[EventDate "2023.07.13"]
[EventType "swiss"]
[EventRounds "9"]
[EventCountry "FRA"]
[SourceVersionDate "2023.07.13"]

{[%evp 0,65,24,38,76,57,74,59,52,45,45,45,11,10,33,-2,44,26,20,1,-9,-13,-4,0,-12,-5,26,30,36,17,16,16,20,30,48,-35,33,33,124,93,92,79,89,81,73,81,98,69,73,57,50,49,20,30,23,10,29,18,19,14,14,21,14,0,9,15,20,9]} 1. e4 c6 2. d4 d5 3. exd5 cxd5 4. c4 Nf6 5. Nc3 Nc6 6. Bg5 dxc4 7. Bxc4 h6 8. Bxf6 exf6 9. Nge2 Bd6 10. O-O O-O 11. Re1 Bf5 12. Bd3 Qd7 13. Bxf5 Qxf5 14. Ng3 Bxg3 15. hxg3 Rad8 16. Re4 Rd7 17. Qa4 a6 18. d5 Nb8 19. Rae1 (19. Rd1) 19... b5 20. Qb4 Rdd8 21. a4 (21. Re7) 21... bxa4 22. Qxa4 Qc8 23. Re7 Nd7 24. R1e2 Ne5 25. Ra7 Rd6 26. Qb4 Rfd8 27. Qb7 (27. f4 Ng4 28. Ree7 $4 Rxd5 29. Nxd5 Rxd5) 27... Qxb7 (27... Qc4 28. Rxe5 R6d7 29. Re8+) 28. Rxb7 Kf8 29. f3 R6d7 30. Rb6 Rd6 31. Rb7 R6d7 32. Rb6 Rd6 33. Rb7 1/2-1/2

[Event "Vaujany 2023 Principal"]
[Site "Vaujany"]
[Date "2023.07.15"]
[Round "3.8"]
[White "Buzas, Bertalan"]
[Black "Saypuri, Srithan"]
[Result "1-0"]
[WhiteElo "2260"]
[BlackElo "2141"]
[PlyCount "63"]
[EventDate "2023.07.13"]
[EventType "swiss"]
[EventRounds "9"]
[EventCountry "FRA"]
[SourceVersionDate "2023.07.13"]

{[%evp 0,63,19,31,43,23,24,-16,-8,-22,5,5,31,9,10,8,28,22,28,3,45,61,60,63,71,62,58,73,74,54,113,102,98,101,102,95,136,98,94,97,121,94,86,80,80,72,72,73,121,117,180,179,310,239,268,262,602,618,640,640,640,658,811,898,1038,1142]} 1. d4 d5 2. Nf3 Nf6 3. c4 e6 4. g3 Be7 5. Bg2 c6 6. Qc2 O-O 7. O-O a5 8. Nbd2 b6 9. e4 dxc4 10. Nxc4 Ba6 11. b3 Nbd7 12. Rd1 Rc8 13. Bf4 Nd5 14. Nd6 Bxd6 15. Bxd6 Ne7 16. Rac1 Re8 17. Ba3 b5 18. Bc5 b4 19. Rd2 Nxc5 20. Qxc5 Nd5 21. Ne5 Nc3 22. Nxf7 Kxf7 23. Qa7+ Re7 24. Qxa6 Nb5 25. d5 e5 26. Bh3 Ra8 27. Qxc6 Nd4 28. Rxd4 exd4 29. d6 Re5 30. f4 Rh5 31. Bg4 Rh6 32. Qd5+ 1-0